|
|
แสดงรายละเอียดบรรณานุกรม |
|
|
Brief Record
: Get Marc (ISO 2709)
: E-mail record
: |
| LEADER 00000nama 2200000uu 4500 | |||
| 001 180659 | |||
| 003 ULIBM | |||
| 008 040531s2539 th m m a000 0 tha d | |||
| 020 974-771-940-1 | |||
| 041 tha | |||
| 050 WI755 อ318น 2539 | |||
| 100 อรชุน เลียววัฒนะผล | |||
| 245 นิ่วและถุงน้ำดีอักเสบ:ธรรมชาติบำบัด ปวดท้อง-ท้องอืดเรื้อรัง/อรชุน เลียววัฒนะผล,เรียบเรียง;บรรจบชุณหสวัสดิกุล,บรรณาธิการ 001 | |||
| 250 4 | |||
| 260 กรุงเทพฯ รวมสาสน์ 2539 | |||
| 300 89 หน้า | |||
| 650 นิ่วในถุงน้ำดี ธรรมชาติบำบัดบรรจบ ชุณหสัวสดิกุล,บรรณาธิการชื่อเรื่อง | |||
| 998 1999-01-06 | |||
| คุณยังไม่ได้ล็อกอิน คุณสามารถมีกิจกรรมร่วมกับเว็บไซต์ได้ แต่ต้องล็อกอินก่อน :: |
|
| สถานะ | |||||||||
| 1. | หนังสือทั่วไป | WI755 อ318น 2539 | On Shelf ขอยืม | ||||||
| 2. | หนังสือทั่วไป | WI755 อ318น 2539 | On Shelf ขอยืม | ||||||
| 3. | หนังสือทั่วไป | WI755 อ318น 2539 | On Shelf ขอยืม | ||||||
| [แสดง 3/3 รายการ] | |||||||||
BibComment |
| คอมเมนท์ทรัพยากรรายการนี้ |
|
|